[Event "BCF-chT4 2223 (4NCL)"]
[Site "England"]
[Date "2023.05.01"]
[Round "11.131"]
[White "Ajimal, Jet"]
[Black "Shah, Meet Chirag"]
[Result "0-1"]
[WhiteElo "1655"]
[BlackElo "1889"]
[PlyCount "124"]
[EventDate "2022.11.05"]
[EventType "team-swiss"]
[EventRounds "11"]
[EventCountry "ENG"]
[SourceTitle "EXT 2024"]
[Source "ChessBase"]
[SourceDate "2023.10.10"]
[SourceVersion "1"]
[SourceVersionDate "2023.10.10"]
[SourceQuality "1"]
[WhiteTeam "Deaf England"]
[BlackTeam "Wessex Some Stars II"]
[WhiteTeamCountry "ENG"]
[BlackTeamCountry "ENG"]

1. e4 e6 2. d4 d5 3. Nd2 Nf6 4. e5 Nfd7 5. Bd3 c5 6. c3 Nc6 7. Ne2 Qb6 8. Nf3 h6 9. 0-0 Be7 10. Rb1 cxd4 11. cxd4 Nb4 12. a3 Nxd3 13. Qxd3 Nf8 14. Be3 Bd7 15. Rfc1 Bb5 16. Qd2 Qa6 17. Nc3 Bd3 18. Ra1 Ng6 19. Ne1 Bc4 20. b4 0-0 21. Nf3 f6 22. Bxh6 gxh6 23. Qxh6 Bd3 24. Nh4 Nxh4 25. Qxh4 Rf7 26. b5 Qa5 27. Qg3+ Rg7 28. Qxd3 fxe5 29. dxe5 Rf8 30. Ne2 Qb6 31. Qd4 Qxb5 32. Ng3 Bd8 33. Qb4 Qxb4 34. axb4 Bb6 35. Ra2 Rf4 36. Nh5 Rxb4 37. Nxg7 Kxg7 38. Kf1 Kg6 39. g3 Kf5 40. f4 d4 41. Rc8 d3 42. Rf8+ Ke4 43. Kg2 Rd4 44. Rf6 d2 45. Rxd2 Rxd2+ 46. Kh3 Kd5 47. g4 Bg1 48. g5 Rxh2+ 49. Kg3 Rh7 50. Kg4 b5 51. g6 Rh8 52. Kg5 b4 53. g7 Rg8 54. Kg6 b3 55. Rf7 b2 56. Rb7 Bb6 57. Rd7+ Ke4 58. Rd1 Bd4 59. Kf7 Rxg7+ 60. Kxg7 Kf5 61. Kf7 a5 62. Rh1 a4 0-1

[Event "BCF-chT4 2223 (4NCL)"]
[Site "England"]
[Date "2023.03.25"]
[Round "7.111"]
[White "Borrowdale, Graham E"]
[Black "Ajimal, Jet"]
[Result "1-0"]
[WhiteElo "1964"]
[BlackElo "1655"]
[PlyCount "61"]
[EventDate "2022.11.05"]
[EventType "team-swiss"]
[EventRounds "11"]
[EventCountry "ENG"]
[SourceTitle "EXT 2024"]
[Source "ChessBase"]
[SourceDate "2023.10.10"]
[SourceVersion "1"]
[SourceVersionDate "2023.10.10"]
[SourceQuality "1"]
[WhiteTeam "Cambridge University III"]
[BlackTeam "Deaf England"]
[WhiteTeamCountry "ENG"]
[BlackTeamCountry "ENG"]

1. d4 d5 2. Nf3 Nf6 3. c4 c6 4. Nc3 e6 5. e3 Bd6 6. Bd3 Nbd7 7. 0-0 0-0 8. e4 Nxe4 9. Nxe4 dxe4 10. Bxe4 Nf6 11. Bc2 Re8 12. Bg5 Be7 13. Re1 Nd7 14. Bxe7 Rxe7 15. Qd3 g6 16. Rad1 Nf6 17. Ne5 Bd7 18. Re3 Be8 19. Rh3 Qc7 20. Qe3 h5 21. c5 Nd7 22. Rxh5 f5 23. Rh3 Nxe5 24. dxe5 Rh7 25. Rxh7 Kxh7 26. Bb3 Bf7 27. Rd4 Qe7 28. g3 g5 29. Rd6 Rd8 30. Qd4 Rxd6 31. cxd6 1-0

[Event "Leamington Spa 4NCL op-B 28th"]
[Site "Leamington Spa"]
[Date "2022.07.10"]
[Round "5"]
[White "Ajimal, Jet"]
[Black "Pyda, Arjun"]
[Result "0-1"]
[WhiteElo "1627"]
[BlackElo "1789"]
[PlyCount "78"]
[EventDate "2022.07.08"]
[EventType "swiss"]
[EventRounds "5"]
[EventCountry "ENG"]
[SourceTitle "CBM 209 Extra"]
[Source "ChessBase"]
[SourceDate "2022.09.30"]
[SourceVersion "1"]
[SourceVersionDate "2022.09.30"]
[SourceQuality "1"]

1. e4 d5 2. exd5 Qxd5 3. Nc3 Qd8 4. d4 c6 5. Nf3 Nf6 6. Be2 Bg4 7. 0-0 e6 8. Bf4 Bd6 9. Bxd6 Qxd6 10. Qd3 Bf5 11. Qd2 0-0 12. Bd3 Bxd3 13. Qxd3 Nbd7 14. Ne4 Qf4 15. Nxf6+ Nxf6 16. c3 Rad8 17. Qc2 Qc7 18. Rad1 Rfe8 19. Rfe1 h6 20. h3 Rd7 21. Rd3 Qa5 22. a3 Red8 23. Ne5 Re7 24. Rf3 Nd7 25. Ng4 h5 26. Ne5 Nxe5 27. Rxe5 Rd5 28. Rxd5 exd5 29. Qf5 Re1+ 30. Kh2 Qc7+ 31. g3 g6 32. Qf6 Qe7 33. Qxe7 Rxe7 34. Re3 Rxe3 35. fxe3 Kg7 36. Kg2 Kf6 37. Kf3 Kf5 38. a4 g5 39. b3 g4+ 0-1